| 000 | 00617nam a2200265Ia 4500 | ||
|---|---|---|---|
| 005 | 20260306164043.0 | ||
| 008 | 008 260114s9999 xx 000 0 eng d | ||
| 020 | _a9781529225365 | ||
| 037 | _aEBOOK | ||
| 040 | _aCRL | ||
| 040 | _beng | ||
| 040 | _cCRL | ||
| 041 | _2eng | ||
| 041 | _aeng | ||
| 084 | _qCRL | ||
| 100 | _aLawson | ||
| 245 | 4 | _aThe Life Of A Number: Measurement, Meaning And The Media | |
| 260 | _bThe Policy Press | ||
| 260 | _c2024 | ||
| 650 | _aPhilosophy | ||
| 856 | _uhttps://academic.oup.com/book/55397 | ||
| 942 | _cEBOOK | ||
| 999 |
_c1712561 _d1712561 |
||